| 000 | 00358nam a2200145Ia 4500 | ||
|---|---|---|---|
| 008 | 230312s9999||||xx |||||||||||||| ||und|| | ||
| 082 |
_a615 _bNAS-P |
||
| 100 | _aNasreen;Javaid | ||
| 245 | 0 | _aPharmacology & Therapeutics | |
| 260 |
_bAllied Book Company _aPakistan _c2009 |
||
| 300 | _a227 | ||
| 546 | _aEng. | ||
| 650 |
_aMedical _vPharmacology |
||
| 942 | _cBK | ||
| 999 |
_c9204 _d9204 |
||